Pokémon Go - les leurres - Statistiques

Statistiques générales
  • Ce quiz a été pris 39 fois
    3 depuis la dernière actualisation
  • Le résultat moyen est 4 sur 6
Statistiques - réponses
Type de quiz % Correct
Leurre
100%
Leurre Moussu
100%
Leurre Glacial
67%
Leurre Magnétique
67%
Leurre Pluvieux
67%
Leurre Doré
33%
Aucun quiz correspondant
Distribution des résultats
% des personnes avec chaque résultat
Percentile par nombre de réponses
Votre historique - résultats
Vous n’avez pas pris ce quiz depuis la dernière actualisation